01314nam a2200277 a 450000100100000000500170001000800410002702000150006804000250008308200200010810000350012824501150016325000370027826000360031530000320035159000260038365000410040965000580045065000460050870000530055491000370060795201330064495201180077795201240089599900170101900004323220260417183802.0140226s2013 dr a 000 0 spa d a9591310668 aDO-SdBNPbspacBNPHU a305.2355bC355q1 aCastro Espín, Mariela97082110a¿Qué nos pasa en la pubertad? /cMariela Castro Espín ; ilustraciones Luis Ernesto González González.0 a1a. ed en República Dominicana aSanto Domingo :bBúho,c2013. axi, 130 p. :bil. ;c21 cm. aInventariado, 2018/VM 4aAdolescenciaxAspectos sociales9383 0aRelaciones interpersonales en la adolescencia 931083 4aResponsabilidad en la adolescencia93108412aGonzález González, Luis Ernesto,eil.970822 aValidado. Control de calidad EMS 001054708DSaGRbGRcHDd2014-02-26iLF1l0o305.2355 C355qp43232-30r2020-06-25te. 3w2020-06-25yLFDSZPréstamo en sala 0010718PDaPDbPDcHDd2014-02-26iLF1l0o305.2355 C355qp43232-10r2020-06-25w2020-06-25yLFPDZNo se presta 0010718PDaPDbPDcHDd2014-02-26iLF1l0o305.2355 C355qp43232-20r2020-06-25te. 2w2020-06-25yLFPDZNo se presta c42721d42721